Conrad ou Jeremiah ? - Statistiques

Statistiques générales
  • Ce quiz a été pris 103 fois
    96 depuis la dernière actualisation
  • Le résultat moyen est 8 sur 10
Statistiques - réponses
Question Réponse % Correct
Celui qui trahit Belly avant l’été en étant infidèle Jeremiah
99%
Il est l’aîné des frères Fisher. Conrad
97%
Celui avec qui Belly est fiancée durant l’été Jeremiah
97%
Celui que Belly retrouve à l’aéroport alors qu’elle s’apprête à partir pour Paris Conrad
93%
Celui qui avoue ses sentiments à Belly sur la plage durant une fête Conrad
91%
Il travaille comme sauveteur sur la plage. Jeremiah
91%
Celui dont la vulnérabilité rend les interactions plus intenses Conrad
85%
Il joue au football américain dans la série. Conrad
65%
Il est celui avec qui Belly sort officiellement en premier. Jeremiah
54%
Celui dont la lettre de Susannah était en réalité destinée à l’autre frère Conrad
39%
Aucun quiz correspondant
Distribution des résultats
% des personnes avec chaque résultat
Percentile par nombre de réponses
Votre historique - résultats
Vous n’avez pas pris ce quiz depuis la dernière actualisation